Minecraft Creative Inventory: Tools & Utilities - Statistics

General Stats
  • This quiz has been taken 137 times
    106 since last reset
  • The average score is 49 of 113
Answer Stats
Answer % Correct
Diamond Axe
82%
Golden Hoe
82%
Iron Axe
82%
Stone Axe
82%
Wooden Axe
82%
Diamond Hoe
77%
Diamond Pickaxe
77%
Diamond Shovel
77%
Golden Axe
77%
Golden Pickaxe
77%
Golden Shovel
77%
Iron Hoe
77%
Iron Pickaxe
77%
Iron Shovel
77%
Stone Hoe
77%
Stone Pickaxe
77%
Stone Shovel
77%
Wooden Hoe
77%
Wooden Pickaxe
77%
Netherite Axe
73%
Netherite Hoe
73%
Netherite Pickaxe
73%
Netherite Shovel
73%
Wooden Shovel
73%
Fishing Rod
55%
Lava Bucket
55%
Shears
55%
Water Bucket
55%
Bucket
50%
Flint and Steel
50%
Carrot on a Stick
45%
Elytra
45%
Firework Rocket (Duration 1)
45%
Firework Rocket (Duration 2)
45%
Firework Rocket (Duration 3)
45%
Lead
45%
Milk Bucket
45%
Saddle
45%
Brush
41%
Bucket of Axolotl
41%
Bucket of Cod
41%
Bucket of Pufferfish
41%
Bucket of Salmon
41%
Bucket of Tadpole
41%
Bucket of Tropical Fish
41%
Empty Map
41%
Powder Snow Bucket
41%
Spyglass
41%
Warped Fungus on a Stick
41%
Acacia Boat
36%
Acacia Boat with Chest
36%
Birch Boat
36%
Birch Boat with Chest
36%
Book and Quill
36%
Cherry Boat
36%
Cherry Boat with Chest
36%
Clock
36%
Compass
36%
Dark Oak Boat
36%
Dark Oak Boat with Chest
36%
Ender Pearl
36%
Eye of Ender
36%
Jungle Boat
36%
Jungle Boat with Chest
36%
Mangrove Boat
36%
Mangrove Boat with Chest
36%
Oak Boat
36%
Oak Boat with Chest
36%
Spruce Boat
36%
Spruce Boat with Chest
36%
Activator Rail
32%
Bamboo Raft
32%
Bamboo Raft with Chest
32%
Bone Meal
32%
Detector Rail
32%
Fire Charge
32%
Goat Horn (Admire)
32%
Goat Horn (Call)
32%
Goat Horn (Dream)
32%
Goat Horn (Feel)
32%
Goat Horn (Ponder)
32%
Goat Horn (Seek)
32%
Goat Horn (Sing)
32%
Goat Horn (Yearn)
32%
Minecart
32%
Minecart with Furnace
32%
Minecart with Hopper
32%
Minecart with TNT
32%
Name Tag
32%
Powered Rail
32%
Rail
32%
Wind Charge
32%
Minecart with Chest
27%
Recovery Compass
27%
Music Disc (Aaron Cherof - Relic)
23%
Music Disc (C418 - 11)
23%
Music Disc (C418 - 13)
23%
Music Disc (C418 - blocks)
23%
Music Disc (C418 - cat)
23%
Music Disc (C418 - chirp)
23%
Music Disc (C418 - far)
23%
Music Disc (C418 - mall)
23%
Music Disc (C418 - mellohi)
23%
Music Disc (C418 - stal)
23%
Music Disc (C418 - strad)
23%
Music Disc (C418 - wait)
23%
Music Disc (C418 - ward)
23%
Music Disc (Lena Raine - otherside)
23%
Music Disc (Lena Raine - Pigstep)
23%
Music Disc (Samuel Åberg - 5)
23%
Music Disc (Aaron Cherof - Precipice)
18%
Music Disc (Lena Raine - Creator)
18%
Music Disc (Lena Raine - Creator (Music Box))
18%
No matching quizzes found
Score Distribution
Percent of People with Each Score
Percentile by Number Answered
Your Score History
You have not taken this quiz since the last reset